| 000 | 01130nam a2200217 i 4500 | ||
|---|---|---|---|
| 001 | 162436 | ||
| 003 | ES-MaACL | ||
| 005 | 20250811063158.0 | ||
| 008 | 931025s1783 sp a |||| | spa d | ||
| 100 | 1 |
_aPonz, Antonio, _d1725-1792 _993069 |
|
| 245 | 1 | 0 |
_aViage de España _b: en que se da noticia de las cosas mas apreciables y dignas de saberse / _csu autor D. Antonio Ponz... ; tomo duodécimo. |
| 260 |
_aMadrid : _bpor D. Joachin Ibarra..., _c1783. |
||
| 300 |
_a[2], XIV, 348 p., [6] h. de grab. ; _c8º (16 cm) |
||
| 596 | _aMarca de imp. en port. | ||
| 597 | _aSign.: a8, [ ]1, a8, b4, [ ]1, b5, [ ]1, b6-8, c-g8, h2, [ ]1, h3-8, i8, K5, [ ]1, K6-7, [ ]1, K8, l-x8, y6. | ||
| 599 | _aLas [6] h. de grab. son calc. ; la h. [1] "J. Barcelon lo gravo", entre p. XIV y 1, las demás entre p. 24 y 25, 116 y 117, 154 y 155, 158 y 159. | ||
| 650 | 4 |
_aBurgos- _xDescripción. _9223671 |
|
| 650 | 4 |
_aSalamanca (Provincia)- _xDescripción. _9223673 |
|
| 852 |
_aES-MaACL _jR-468-85 _z-- Enc. piel, no original de la época _z-- Las h. de grab. no están enc. en las mismas posiciones |
||
| 999 |
_c162436 _d162436 |
||